[Event "Russian Blitz Team Championship (m)"]
[Site "Sochi"]
[Date "2022.10.17"]
[Round "7.15"]
[White "Pershin, Denis"]
[Black "Klimentov, Evgeny"]
[Result "1/2-1/2"]
[BlackElo "2235"]
[WhiteElo "2300"]
[LiveChessVersion "1.4.8"]

1. d4 {[%clk 0:03:03]} Nf6 {[%clk 0:03:02]} 2. c4 {[%clk 0:03:05]} e6
{[%clk 0:03:04]} 3. Nc3 {[%clk 0:03:06]} Bb4 {[%clk 0:03:05]} 4. Qc2
{[%clk 0:03:08]} O-O {[%clk 0:03:03]} 5. e4 {[%clk 0:03:09]} d6 {[%clk 0:03:02]}
6. e5 {[%clk 0:03:10]} dxe5 {[%clk 0:02:50]} 7. dxe5 {[%clk 0:03:11]} Ng4
{[%clk 0:02:49]} 8. Nf3 {[%clk 0:03:06]} Nc6 {[%clk 0:02:49]} 9. Bf4
{[%clk 0:03:04]} Nd4 {[%clk 0:02:45]} 10. Qd1 {[%clk 0:02:29]} c5
{[%clk 0:02:09]} 11. Bd3 {[%clk 0:02:14]} Nh6 {[%clk 0:02:02]} 12. Bxh6
{[%clk 0:02:09]} gxh6 {[%clk 0:02:02]} 13. O-O {[%clk 0:02:09]} Bxc3
{[%clk 0:01:43]} 14. bxc3 {[%clk 0:02:10]} Nf5 {[%clk 0:01:28]} 15. Qe2
{[%clk 0:02:05]} Bd7 {[%clk 0:01:29]} 16. Rad1 {[%clk 0:02:02]} Qe7
{[%clk 0:01:26]} 17. g4 {[%clk 0:01:02]} Nh4 {[%clk 0:01:28]} 18. Nxh4
{[%clk 0:00:42]} Qxh4 {[%clk 0:01:28]} 19. Bxh7+ {[%clk 0:00:43]} Kxh7
{[%clk 0:01:28]} 20. Rxd7 {[%clk 0:00:44]} b6 {[%clk 0:01:14]} 21. Rfd1
{[%clk 0:00:46]} Qg5 {[%clk 0:01:12]} 22. h3 {[%clk 0:00:25]} Kh8
{[%clk 0:01:13]} 23. R1d3 {[%clk 0:00:19]} Qg6 {[%clk 0:00:48]} 24. Rf3
{[%clk 0:00:18]} Rad8 {[%clk 0:00:47]} 25. Rfd3 {[%clk 0:00:11]} Ra8
{[%clk 0:00:42]} 26. Rf3 {[%clk 0:00:12]} Rad8 {[%clk 0:00:43]} 27. Rfd3
{[%clk 0:00:11]} Ra8 {[%clk 0:00:44]} 28. Rf3 {[%clk 0:00:09]} Rad8
{[%clk 0:00:46]} 29. Qd3 {[%clk 0:00:07]} Rxd7 {[%clk 0:00:44]} 30. Qxd7
{[%clk 0:00:07]} Qe4 {[%clk 0:00:41]} 31. Qd2 {[%clk 0:00:03]} Qxf3
{[%clk 0:00:33]} 32. Qxh6+ {[%clk 0:00:04]} Kg8 {[%clk 0:00:34]} 33. Qg5+
{[%clk 0:00:06]} Kh7 {[%clk 0:00:33]} 34. Qh5+ {[%clk 0:00:07]} Kg7
{[%clk 0:00:33]} 35. Qg5+ {[%clk 0:00:08]} 1/2-1/2

[Event "Russian Blitz Team Championship (m)"]
[Site "Sochi"]
[Date "2022.10.17"]
[Round "7.16"]
[White "Rudakov, Sergey S."]
[Black "Timerkhanov, Alexander"]
[Result "0-1"]
[BlackElo "2272"]
[WhiteElo "2190"]
[LiveChessVersion "1.4.8"]

1. e4 {[%clk 0:03:02]} e6 {[%clk 0:03:02]} 2. d4 {[%clk 0:03:02]} d5
{[%clk 0:03:03]} 3. Nc3 {[%clk 0:03:02]} h6 {[%clk 0:03:05]} 4. Nf3
{[%clk 0:02:58]} Nf6 {[%clk 0:03:05]} 5. Bd3 {[%clk 0:02:57]} Bb4
{[%clk 0:03:06]} 6. e5 {[%clk 0:02:48]} Ne4 {[%clk 0:03:07]} 7. Bd2
{[%clk 0:02:44]} Nxd2 {[%clk 0:03:07]} 8. Qxd2 {[%clk 0:02:45]} b6
{[%clk 0:03:08]} 9. a3 {[%clk 0:02:44]} Be7 {[%clk 0:03:09]} 10. O-O
{[%clk 0:02:36]} c5 {[%clk 0:03:10]} 11. Bb5+ {[%clk 0:02:34]} Bd7
{[%clk 0:03:07]} 12. Bxd7+ {[%clk 0:02:34]} Qxd7 {[%clk 0:03:06]} 13. Ne2
{[%clk 0:02:35]} Nc6 {[%clk 0:03:05]} 14. c3 {[%clk 0:02:36]} Na5
{[%clk 0:03:02]} 15. Qd3 {[%clk 0:02:35]} O-O {[%clk 0:02:58]} 16. Nd2
{[%clk 0:02:25]} Rac8 {[%clk 0:02:49]} 17. f4 {[%clk 0:02:25]} cxd4
{[%clk 0:02:30]} 18. Nxd4 {[%clk 0:02:24]} Bc5 {[%clk 0:02:26]} 19. N2f3
{[%clk 0:02:12]} Nb3 {[%clk 0:02:15]} 20. Rad1 {[%clk 0:02:09]} Qa4
{[%clk 0:02:08]} 21. Kh1 {[%clk 0:01:59]} Bxd4 {[%clk 0:02:04]} 22. Nxd4
{[%clk 0:01:57]} Nxd4 {[%clk 0:02:05]} 23. cxd4 {[%clk 0:01:57]} Rc2
{[%clk 0:01:53]} 24. f5 {[%clk 0:01:47]} exf5 {[%clk 0:01:51]} 25. Qxf5
{[%clk 0:01:43]} Qc6 {[%clk 0:01:48]} 26. Rde1 {[%clk 0:01:41]} Qc8
{[%clk 0:01:38]} 27. Qf3 {[%clk 0:01:35]} Qe6 {[%clk 0:01:34]} 28. Rf2
{[%clk 0:01:35]} Rfc8 {[%clk 0:01:34]} 29. h3 {[%clk 0:01:32]} R8c4
{[%clk 0:01:34]} 30. Rxc2 {[%clk 0:01:31]} Rxc2 {[%clk 0:01:35]} 31. Re2
{[%clk 0:01:32]} Rc4 {[%clk 0:01:35]} 32. Rd2 {[%clk 0:01:30]} b5
{[%clk 0:01:16]} 33. Kh2 {[%clk 0:01:26]} a6 {[%clk 0:01:16]} 34. Qf4
{[%clk 0:01:20]} g5 {[%clk 0:01:15]} 35. Qf3 {[%clk 0:01:20]} Rxd4
{[%clk 0:01:14]} 36. Re2 {[%clk 0:01:18]} Rf4 {[%clk 0:01:10]} 37. Qc3
{[%clk 0:01:17]} Kg7 {[%clk 0:01:08]} 38. Qc7 {[%clk 0:01:10]} Rc4
{[%clk 0:01:07]} 39. Qa5 {[%clk 0:00:57]} d4 {[%clk 0:00:42]} 40. Qd2
{[%clk 0:00:57]} Qd5 {[%clk 0:00:41]} 41. Qd3 {[%clk 0:00:55]} a5
{[%clk 0:00:37]} 42. Re1 {[%clk 0:00:48]} a4 {[%clk 0:00:35]} 43. Qf5
{[%clk 0:00:47]} Rc6 {[%clk 0:00:31]} 44. Rd1 {[%clk 0:00:45]} Re6
{[%clk 0:00:29]} 45. Re1 {[%clk 0:00:43]} d3 {[%clk 0:00:28]} 46. Rd1
{[%clk 0:00:43]} d2 {[%clk 0:00:28]} 47. Qc2 {[%clk 0:00:40]} Qxe5+
{[%clk 0:00:27]} 48. g3 {[%clk 0:00:41]} Qe2+ {[%clk 0:00:27]} 0-1

[Event "Russian Blitz Team Championship (m)"]
[Site "Sochi"]
[Date "2022.10.17"]
[Round "8.1"]
[White "Grachev, Boris"]
[Black "Chigaev, Maksim"]
[Result "1/2-1/2"]
[BlackElo "2537"]
[WhiteElo "2565"]
[LiveChessVersion "1.4.8"]

1. d4 {[%clk 0:03:03]} Nf6 {[%clk 0:03:03]} 2. Nf3 {[%clk 0:03:04]} g6
{[%clk 0:03:04]} 3. Bf4 {[%clk 0:03:04]} Bg7 {[%clk 0:03:05]} 4. c3
{[%clk 0:02:57]} O-O {[%clk 0:03:01]} 5. Nbd2 {[%clk 0:02:56]} d6
{[%clk 0:02:56]} 6. e4 {[%clk 0:02:53]} Nc6 {[%clk 0:02:52]} 7. Be2
{[%clk 0:02:51]} Qe8 {[%clk 0:02:49]} 8. h3 {[%clk 0:02:39]} Nd7 {[%clk 0:02:32]}
9. O-O {[%clk 0:02:30]} e5 {[%clk 0:02:32]} 10. dxe5 {[%clk 0:02:25]} Ndxe5
{[%clk 0:02:32]} 11. Re1 {[%clk 0:02:14]} Bd7 {[%clk 0:02:32]} 12. Nxe5
{[%clk 0:02:13]} Nxe5 {[%clk 0:02:32]} 13. Nc4 {[%clk 0:01:56]} Nxc4
{[%clk 0:02:10]} 14. Bxc4 {[%clk 0:01:57]} Be6 {[%clk 0:02:09]} 15. Bd5
{[%clk 0:01:55]} Qb5 {[%clk 0:01:55]} 16. Qb3 {[%clk 0:01:46]} Qxb3
{[%clk 0:01:34]} 17. axb3 {[%clk 0:01:47]} Bxd5 {[%clk 0:00:56]} 18. exd5
{[%clk 0:01:47]} Bf6 {[%clk 0:00:57]} 19. Bh6 {[%clk 0:01:36]} Rfd8
{[%clk 0:00:39]} 20. b4 {[%clk 0:01:30]} a6 {[%clk 0:00:37]} 21. Re4
{[%clk 0:01:29]} Bg7 {[%clk 0:00:19]} 22. Bxg7 {[%clk 0:00:28]} Kxg7
{[%clk 0:00:20]} 23. Rae1 {[%clk 0:00:28]} Kf8 {[%clk 0:00:16]} 24. Re7
{[%clk 0:00:15]} Re8 {[%clk 0:00:13]} 25. Rxe8+ {[%clk 0:00:14]} Rxe8
{[%clk 0:00:14]} 26. Rxe8+ {[%clk 0:00:12]} Kxe8 {[%clk 0:00:15]} 27. f4
{[%clk 0:00:13]} f5 {[%clk 0:00:11]} 1/2-1/2

[Event "Russian Blitz Team Championship (m)"]
[Site "Sochi"]
[Date "2022.10.17"]
[Round "8.2"]
[White "Tomashevsky, Evgeny"]
[Black "Zvjaginsev, Vadim"]
[Result "1-0"]
[BlackElo "2601"]
[WhiteElo "2695"]
[LiveChessVersion "1.4.8"]

1. d4 {[%clk 0:03:03]} Nf6 {[%clk 0:03:02]} 2. c4 {[%clk 0:03:04]} e6
{[%clk 0:03:02]} 3. Nf3 {[%clk 0:03:04]} a6 {[%clk 0:03:01]} 4. Nc3
{[%clk 0:03:00]} d5 {[%clk 0:03:01]} 5. cxd5 {[%clk 0:03:00]} exd5
{[%clk 0:03:02]} 6. Bg5 {[%clk 0:02:58]} Be7 {[%clk 0:03:00]} 7. e3
{[%clk 0:02:58]} h6 {[%clk 0:02:55]} 8. Bh4 {[%clk 0:02:58]} O-O {[%clk 0:02:52]}
9. Bd3 {[%clk 0:02:57]} Be6 {[%clk 0:02:49]} 10. O-O {[%clk 0:02:55]} Nbd7
{[%clk 0:02:49]} 11. Rc1 {[%clk 0:02:50]} c6 {[%clk 0:02:47]} 12. Qc2
{[%clk 0:02:47]} Nh5 {[%clk 0:02:24]} 13. Bxe7 {[%clk 0:02:40]} Qxe7
{[%clk 0:02:25]} 14. b4 {[%clk 0:02:40]} Bg4 {[%clk 0:02:09]} 15. Nd2
{[%clk 0:02:39]} Ndf6 {[%clk 0:01:31]} 16. Qb2 {[%clk 0:02:28]} g6
{[%clk 0:01:27]} 17. a4 {[%clk 0:02:27]} Ng7 {[%clk 0:01:22]} 18. b5
{[%clk 0:02:27]} axb5 {[%clk 0:01:21]} 19. axb5 {[%clk 0:02:29]} Bf5
{[%clk 0:01:21]} 20. Bxf5 {[%clk 0:02:21]} Nxf5 {[%clk 0:01:22]} 21. Nf3
{[%clk 0:02:21]} Nd6 {[%clk 0:00:50]} 22. Qb4 {[%clk 0:02:15]} Rfe8
{[%clk 0:00:45]} 23. bxc6 {[%clk 0:01:56]} bxc6 {[%clk 0:00:44]} 24. Ra1
{[%clk 0:01:57]} Rac8 {[%clk 0:00:34]} 25. Ra6 {[%clk 0:01:53]} Nc4
{[%clk 0:00:26]} 26. Qxe7 {[%clk 0:01:52]} Rxe7 {[%clk 0:00:26]} 27. Rb1
{[%clk 0:01:52]} Kg7 {[%clk 0:00:26]} 28. g3 {[%clk 0:01:28]} Ne4
{[%clk 0:00:27]} 29. Rc1 {[%clk 0:01:14]} Ned6 {[%clk 0:00:25]} 30. Ne1
{[%clk 0:01:12]} g5 {[%clk 0:00:21]} 31. h3 {[%clk 0:01:11]} f5 {[%clk 0:00:21]}
32. Nd3 {[%clk 0:01:12]} Ne4 {[%clk 0:00:15]} 33. Nb4 {[%clk 0:01:00]} Nxc3
{[%clk 0:00:10]} 34. Rxc3 {[%clk 0:01:01]} Rec7 {[%clk 0:00:08]} 35. Rc2
{[%clk 0:00:58]} Kh7 {[%clk 0:00:09]} 36. Kg2 {[%clk 0:00:57]} h5
{[%clk 0:00:06]} 37. Rca2 {[%clk 0:00:58]} g4 {[%clk 0:00:06]} 38. Ra7
{[%clk 0:00:57]} Kg6 {[%clk 0:00:05]} 39. Rxc7 {[%clk 0:00:57]} Rxc7
{[%clk 0:00:06]} 40. Ra6 {[%clk 0:00:59]} gxh3+ {[%clk 0:00:05]} 41. Kxh3
{[%clk 0:01:00]} Kf7 {[%clk 0:00:06]} 42. Nxc6 {[%clk 0:01:00]} Ke8
{[%clk 0:00:06]} 1-0

[Event "Russian Blitz Team Championship (m)"]
[Site "Sochi"]
[Date "2022.10.17"]
[Round "8.3"]
[White "Malakhov, Vladimir"]
[Black "Drygalov, Andrey"]
[Result "1-0"]
[BlackElo "2498"]
[WhiteElo "2654"]
[LiveChessVersion "1.4.8"]

1. Nf3 {[%clk 0:03:03]} d5 {[%clk 0:03:03]} 2. e3 {[%clk 0:03:04]} Nf6
{[%clk 0:03:04]} 3. c4 {[%clk 0:03:06]} e6 {[%clk 0:03:05]} 4. Nc3
{[%clk 0:03:07]} Be7 {[%clk 0:03:05]} 5. b3 {[%clk 0:03:06]} O-O {[%clk 0:03:04]}
6. Bb2 {[%clk 0:03:07]} b6 {[%clk 0:03:05]} 7. d4 {[%clk 0:03:04]} Bb7
{[%clk 0:03:05]} 8. Bd3 {[%clk 0:03:04]} Nbd7 {[%clk 0:02:59]} 9. O-O
{[%clk 0:03:03]} c5 {[%clk 0:02:19]} 10. cxd5 {[%clk 0:03:01]} exd5
{[%clk 0:02:17]} 11. Qe2 {[%clk 0:02:58]} Re8 {[%clk 0:02:12]} 12. Rfd1
{[%clk 0:02:51]} Bf8 {[%clk 0:02:09]} 13. Ba6 {[%clk 0:02:49]} Qc8
{[%clk 0:01:48]} 14. Bxb7 {[%clk 0:02:49]} Qxb7 {[%clk 0:01:49]} 15. Rac1
{[%clk 0:02:44]} Rad8 {[%clk 0:01:43]} 16. dxc5 {[%clk 0:02:40]} bxc5
{[%clk 0:01:40]} 17. Qb5 {[%clk 0:02:39]} Qa8 {[%clk 0:01:24]} 18. Na4
{[%clk 0:02:30]} Ne4 {[%clk 0:01:24]} 19. Nd2 {[%clk 0:02:27]} Nd6
{[%clk 0:00:44]} 20. Qa6 {[%clk 0:02:15]} Rc8 {[%clk 0:00:37]} 21. Qd3
{[%clk 0:01:57]} Red8 {[%clk 0:00:05]} 22. Nf3 {[%clk 0:01:48]} d4
{[%clk 0:00:07]} 23. exd4 {[%clk 0:01:45]} cxd4 {[%clk 0:00:08]} 24. Rxc8
{[%clk 0:01:37]} Rxc8 {[%clk 0:00:08]} 25. Ng5 {[%clk 0:01:32]} Nf6
{[%clk 0:00:05]} 26. Bxd4 {[%clk 0:01:32]} Qd5 {[%clk 0:00:05]} 27. h4
{[%clk 0:01:18]} h6 {[%clk 0:00:06]} 28. Bxf6 {[%clk 0:01:13]} Qxd3
{[%clk 0:00:07]} 29. Rxd3 {[%clk 0:01:14]} gxf6 {[%clk 0:00:09]} 30. Nf3
{[%clk 0:01:12]} Rc1+ {[%clk 0:00:10]} 31. Kh2 Ne4 32. Rd8 {[%clk 0:00:49]} Nxf2
{[%clk 0:00:11]} 33. Nd4 {[%clk 0:00:49]} Kg7 {[%clk 0:00:06]} 34. h5
{[%clk 0:00:45]} Ng4+ {[%clk 0:00:03]} 35. Kg3 {[%clk 0:00:46]} Ne3
{[%clk 0:00:05]} 36. Kf3 {[%clk 0:00:43]} Re1 {[%clk 0:00:05]} 37. Kf2
{[%clk 0:00:42]} Rh1 {[%clk 0:00:04]} 38. Kxe3 {[%clk 0:00:41]} Rxh5
{[%clk 0:00:05]} 39. g4 {[%clk 0:00:37]} Rg5 {[%clk 0:00:05]} 40. Nf5+
{[%clk 0:00:38]} Kg8 {[%clk 0:00:06]} 41. Nxh6+ {[%clk 0:00:37]} Kh7
{[%clk 0:00:07]} 42. Rxf8 {[%clk 0:00:37]} Kxh6 {[%clk 0:00:08]} 43. Rxf7 Kg6
{[%clk 0:00:10]} 44. Rxa7 {[%clk 0:00:38]} Rxg4 {[%clk 0:00:11]} 45. Nc5
{[%clk 0:00:34]} f5 {[%clk 0:00:13]} 46. Ra6+ {[%clk 0:00:33]} Kh5
{[%clk 0:00:13]} 47. Ne6 {[%clk 0:00:31]} Re4+ {[%clk 0:00:14]} 48. Kxe4 1-0

[Event "Russian Blitz Team Championship (m)"]
[Site "Sochi"]
[Date "2022.10.17"]
[Round "8.4"]
[White "Khegay, Dmitriy"]
[Black "Popov, Ivan"]
[Result "1/2-1/2"]
[BlackElo "2549"]
[WhiteElo "2457"]
[LiveChessVersion "1.4.8"]

1. d4 {[%clk 0:03:03]} d5 {[%clk 0:03:03]} 2. Bf4 {[%clk 0:03:04]} c5
{[%clk 0:03:03]} 3. e3 {[%clk 0:03:05]} Nc6 {[%clk 0:03:03]} 4. Nf3
{[%clk 0:03:06]} Nf6 {[%clk 0:03:04]} 5. Nbd2 {[%clk 0:03:07]} e6
{[%clk 0:03:04]} 6. c3 {[%clk 0:03:07]} Bd6 {[%clk 0:03:04]} 7. Bg3
{[%clk 0:03:08]} O-O {[%clk 0:03:05]} 8. Bb5 {[%clk 0:03:09]} Bxg3
{[%clk 0:02:55]} 9. hxg3 {[%clk 0:03:09]} Qb6 {[%clk 0:02:55]} 10. Bxc6
{[%clk 0:03:10]} bxc6 {[%clk 0:02:54]} 11. Qc2 {[%clk 0:03:08]} Rb8
{[%clk 0:02:36]} 12. Rb1 {[%clk 0:03:09]} Ba6 {[%clk 0:02:01]} 13. Ne5
{[%clk 0:03:01]} g6 {[%clk 0:01:16]} 14. Nb3 {[%clk 0:02:13]} cxd4
{[%clk 0:01:06]} 15. exd4 {[%clk 0:01:55]} Qc7 {[%clk 0:00:43]} 16. Nc5
{[%clk 0:01:52]} Bc8 {[%clk 0:00:44]} 17. g4 {[%clk 0:01:47]} Nd7
{[%clk 0:00:39]} 18. Ncxd7 {[%clk 0:01:42]} Bxd7 {[%clk 0:00:40]} 19. Qd3
{[%clk 0:01:14]} Be8 {[%clk 0:00:39]} 20. g5 {[%clk 0:01:12]} f6 {[%clk 0:00:37]}
21. gxf6 {[%clk 0:01:12]} Rxf6 {[%clk 0:00:38]} 22. O-O {[%clk 0:01:05]} c5
{[%clk 0:00:39]} 23. Rfe1 {[%clk 0:01:00]} Bb5 {[%clk 0:00:31]} 24. Qe3
{[%clk 0:01:00]} cxd4 {[%clk 0:00:29]} 25. cxd4 {[%clk 0:01:01]} Rbf8
{[%clk 0:00:21]} 26. Ng4 {[%clk 0:01:01]} Rf4 {[%clk 0:00:20]} 27. Qxe6+
{[%clk 0:01:02]} Kh8 {[%clk 0:00:16]} 28. Rbc1 {[%clk 0:00:42]} Qg7
{[%clk 0:00:17]} 29. Qxd5 {[%clk 0:00:29]} Rxg4 {[%clk 0:00:15]} 30. Qxb5
{[%clk 0:00:30]} Qxd4 {[%clk 0:00:15]} 31. Qe5+ {[%clk 0:00:28]} Qxe5
{[%clk 0:00:15]} 32. Rxe5 {[%clk 0:00:29]} Rf7 {[%clk 0:00:15]} 33. Rc2
{[%clk 0:00:30]} Ra4 {[%clk 0:00:15]} 34. a3 {[%clk 0:00:31]} Rd4
{[%clk 0:00:16]} 35. g3 {[%clk 0:00:31]} Kg7 {[%clk 0:00:16]} 36. Kg2
{[%clk 0:00:32]} Rd3 {[%clk 0:00:17]} 37. Ra5 {[%clk 0:00:31]} Rb3
{[%clk 0:00:17]} 38. Rac5 {[%clk 0:00:26]} h5 {[%clk 0:00:16]} 39. R5c3
{[%clk 0:00:24]} Rfb7 {[%clk 0:00:14]} 40. Rc7+ Rxc7 {[%clk 0:00:13]} 41. Rxc7+
{[%clk 0:00:26]} Kf6 {[%clk 0:00:15]} 42. Rc6+ {[%clk 0:00:21]} Kf5
{[%clk 0:00:13]} 43. Rc5+ {[%clk 0:00:21]} Kf6 {[%clk 0:00:15]} 44. Rc2
{[%clk 0:00:19]} g5 {[%clk 0:00:14]} 45. Kh3 {[%clk 0:00:16]} a5 {[%clk 0:00:12]}
46. Rc6+ {[%clk 0:00:17]} Kg7 {[%clk 0:00:12]} 47. Rc5 {[%clk 0:00:15]} Kg6
{[%clk 0:00:14]} 48. Rc2 {[%clk 0:00:11]} a4 {[%clk 0:00:14]} 49. Rc6+
{[%clk 0:00:10]} Kg7 {[%clk 0:00:15]} 50. Rc2 {[%clk 0:00:09]} Kg6
{[%clk 0:00:17]} 51. Kg2 {[%clk 0:00:11]} Kf5 {[%clk 0:00:17]} 52. Rc5+
{[%clk 0:00:12]} Kg6 {[%clk 0:00:19]} 53. Rc4 {[%clk 0:00:11]} Rxb2
{[%clk 0:00:19]} 54. Rxa4 {[%clk 0:00:12]} Ra2 {[%clk 0:00:20]} 55. Ra6+
{[%clk 0:00:10]} Kf5 {[%clk 0:00:21]} 56. a4 {[%clk 0:00:05]} h4 {[%clk 0:00:20]}
57. Ra8 {[%clk 0:00:05]} hxg3 {[%clk 0:00:19]} 58. Kxg3 {[%clk 0:00:07]} Ra3+
{[%clk 0:00:20]} 59. f3 {[%clk 0:00:08]} Ra1 {[%clk 0:00:15]} 60. Ra5+
{[%clk 0:00:09]} Kg6 {[%clk 0:00:16]} 61. Ra6+ {[%clk 0:00:08]} Kf5
{[%clk 0:00:17]} 62. Ra8 {[%clk 0:00:09]} Rg1+ {[%clk 0:00:16]} 63. Kf2
{[%clk 0:00:11]} Ra1 {[%clk 0:00:17]} 64. Kg3 {[%clk 0:00:07]} Ra2
{[%clk 0:00:16]} 65. a5 {[%clk 0:00:07]} Ra3 {[%clk 0:00:14]} 66. a6
{[%clk 0:00:08]} Kg6 {[%clk 0:00:16]} 67. a7 {[%clk 0:00:06]} Kg7
{[%clk 0:00:17]} 68. Kg4 {[%clk 0:00:07]} Ra5 {[%clk 0:00:18]} 69. Kh5
{[%clk 0:00:08]} Kh7 {[%clk 0:00:19]} 70. Kg4 {[%clk 0:00:07]} Kg7
{[%clk 0:00:20]} 71. Kh5 {[%clk 0:00:05]} Kh7 {[%clk 0:00:22]} 72. Kg4 Kg7 73.
Rb8 {[%clk 0:00:06]} Rxa7 {[%clk 0:00:24]} 74. Kxg5 {[%clk 0:00:08]} Ra5+
{[%clk 0:00:24]} 75. Kg4 {[%clk 0:00:09]} Kg6 {[%clk 0:00:25]} 76. Rb6+
{[%clk 0:00:09]} Kg7 {[%clk 0:00:26]} 77. f4 {[%clk 0:00:10]} Kf7
{[%clk 0:00:27]} 78. Rb7+ {[%clk 0:00:06]} Kf6 {[%clk 0:00:28]} 1/2-1/2

[Event "Russian Blitz Team Championship (m)"]
[Site "Sochi"]
[Date "2022.10.17"]
[Round "8.5"]
[White "Afanasiev, Nikita"]
[Black "Alekseev, Evgeny"]
[Result "0-1"]
[BlackElo "2579"]
[WhiteElo "2541"]
[LiveChessVersion "1.4.8"]

1. c4 {[%clk 0:03:02]} e6 {[%clk 0:03:03]} 2. Nf3 {[%clk 0:03:00]} d5
{[%clk 0:03:03]} 3. e3 {[%clk 0:03:01]} Nf6 {[%clk 0:03:02]} 4. b3
{[%clk 0:03:02]} b6 {[%clk 0:02:56]} 5. cxd5 {[%clk 0:03:02]} exd5
{[%clk 0:02:57]} 6. Bb2 {[%clk 0:03:02]} Bd6 {[%clk 0:02:54]} 7. g3
{[%clk 0:03:03]} O-O {[%clk 0:02:47]} 8. Bg2 {[%clk 0:03:04]} Bb7
{[%clk 0:02:42]} 9. O-O {[%clk 0:03:04]} Re8 {[%clk 0:02:40]} 10. Nc3
{[%clk 0:03:04]} a6 {[%clk 0:02:40]} 11. d4 {[%clk 0:03:03]} Nbd7
{[%clk 0:02:39]} 12. Rc1 {[%clk 0:03:01]} Qe7 {[%clk 0:02:36]} 13. Ne2
{[%clk 0:03:00]} Ne4 {[%clk 0:02:28]} 14. Nf4 {[%clk 0:03:00]} Nf8
{[%clk 0:01:56]} 15. Nd3 {[%clk 0:02:52]} f6 {[%clk 0:01:49]} 16. Re1
{[%clk 0:02:42]} Qf7 {[%clk 0:01:49]} 17. Rc2 {[%clk 0:02:34]} Ne6
{[%clk 0:01:44]} 18. Qc1 {[%clk 0:02:33]} Qe7 {[%clk 0:01:38]} 19. Nh4
{[%clk 0:02:26]} g6 {[%clk 0:01:37]} 20. f3 {[%clk 0:02:25]} Nxg3
{[%clk 0:01:30]} 21. e4 {[%clk 0:02:24]} Nh5 {[%clk 0:01:17]} 22. Qd2
{[%clk 0:01:47]} Nef4 {[%clk 0:01:10]} 23. Nxf4 {[%clk 0:01:31]} Nxf4
{[%clk 0:00:55]} 24. Bc1 {[%clk 0:00:55]} f5 {[%clk 0:00:51]} 25. e5
{[%clk 0:00:17]} Qxh4 {[%clk 0:00:51]} 26. Rf1 {[%clk 0:00:09]} Nxg2
{[%clk 0:00:47]} 27. Qxg2 {[%clk 0:00:10]} Qxd4+ {[%clk 0:00:45]} 0-1

[Event "Russian Blitz Team Championship (m)"]
[Site "Sochi"]
[Date "2022.10.17"]
[Round "8.6"]
[White "Shubin, Kirill"]
[Black "Tsydypov, Zhamsaran"]
[Result "0-1"]
[BlackElo "2598"]
[WhiteElo "2416"]
[LiveChessVersion "1.4.8"]

1. e4 {[%clk 0:03:02]} c5 {[%clk 0:02:59]} 2. Nf3 {[%clk 0:03:04]} d6
{[%clk 0:03:00]} 3. Bb5+ {[%clk 0:03:05]} Nd7 {[%clk 0:03:02]} 4. Ba4
{[%clk 0:03:06]} a6 {[%clk 0:03:01]} 5. c4 {[%clk 0:03:07]} e5 {[%clk 0:03:02]}
6. Nc3 {[%clk 0:03:07]} Ne7 {[%clk 0:03:03]} 7. d3 {[%clk 0:03:05]} Ng6
{[%clk 0:03:03]} 8. O-O {[%clk 0:03:01]} Be7 {[%clk 0:03:04]} 9. a3
{[%clk 0:03:00]} O-O {[%clk 0:03:04]} 10. Rb1 {[%clk 0:02:58]} Nb6
{[%clk 0:03:03]} 11. Bc2 {[%clk 0:02:58]} f5 {[%clk 0:02:59]} 12. h3
{[%clk 0:02:43]} fxe4 {[%clk 0:02:49]} 13. Nxe4 {[%clk 0:02:43]} Bf5
{[%clk 0:02:37]} 14. Ng3 {[%clk 0:02:29]} Be6 {[%clk 0:02:26]} 15. b4
{[%clk 0:02:30]} cxb4 {[%clk 0:02:25]} 16. axb4 {[%clk 0:02:26]} d5
{[%clk 0:02:21]} 17. c5 {[%clk 0:02:22]} Nd7 {[%clk 0:02:21]} 18. Re1
{[%clk 0:01:55]} Kh8 {[%clk 0:02:21]} 19. Bb2 {[%clk 0:01:46]} Qc7
{[%clk 0:02:11]} 20. Nd4 {[%clk 0:01:37]} Bg8 {[%clk 0:02:03]} 21. Ndf5
{[%clk 0:01:35]} Bf6 {[%clk 0:02:02]} 22. Nh5 {[%clk 0:01:15]} a5
{[%clk 0:02:01]} 23. Nxf6 {[%clk 0:01:07]} Rxf6 {[%clk 0:02:01]} 24. Ne3
{[%clk 0:01:03]} d4 {[%clk 0:01:51]} 25. Ng4 {[%clk 0:01:01]} Rf5
{[%clk 0:01:50]} 26. bxa5 {[%clk 0:00:50]} Nxc5 {[%clk 0:01:50]} 27. Ba3
{[%clk 0:00:49]} Ne6 {[%clk 0:01:46]} 28. Bb4 {[%clk 0:00:45]} Nef4
{[%clk 0:01:47]} 29. Bb3 {[%clk 0:00:40]} h5 {[%clk 0:01:48]} 30. Nh2
{[%clk 0:00:32]} Rg5 {[%clk 0:01:49]} 31. Nf3 {[%clk 0:00:22]} Rxg2+
{[%clk 0:01:48]} 32. Kf1 {[%clk 0:00:24]} Qd7 {[%clk 0:01:48]} 33. Re4
{[%clk 0:00:05]} Qxh3 {[%clk 0:01:47]} 34. Ke1 {[%clk 0:00:07]} Qh1+
{[%clk 0:01:46]} 35. Kd2 {[%clk 0:00:07]} Rxf2+ {[%clk 0:01:46]} 36. Kc1
{[%clk 0:00:07]} Nxd3# {[%clk 0:01:47]} 0-1